000 00608nam a2200229Ia 4500
003 OSt
005 20220918201408.0
006 a|||||r|||| 00| 0
007 ta
008 220917b |||||||| |||| 00| 0 eng d
024 _a93,642
037 _cTextual
040 _aARTS
_cARTS
_beng
041 _2eng
_aeng
082 _aV1N40bY7, M6
100 _aReddy E S
_998543
245 0 _aApartheid
_b the United Nations and the international community
260 _aN.Y
_bVikas
_c1986
650 _aHISTORY
942 _hV1N40bY7, M6
_cTEXL
_2CC
999 _c217284
_d217284